The Heart of Islam (Record no. 347615)

000 -LEADER
fixed length control field 00328 a2200133 4500
082 ## - DEWEY DECIMAL CLASSIFICATION NUMBER
Classification number 297.21
090 ## - LOCALLY ASSIGNED LC-TYPE CALL NUMBER (OCLC); LOCAL CALL NUMBER (RLIN)
-- 5196
-- 5196
100 ## - MAIN ENTRY--PERSONAL NAME
Personal name Nasr,Seyyed Hossein
245 ## - TITLE STATEMENT
Title The Heart of Islam
Statement of responsibility, etc. Seyyed Hossein Nasr
260 ## - PUBLICATION, DISTRIBUTION, ETC.
Place of publication, distribution, etc. Lahore
Name of publisher, distributor, etc. Suhail Academy
Date of publication, distribution, etc. 2004
300 ## - PHYSICAL DESCRIPTION
Extent 338p
500 ## - GENERAL NOTE
General note Hard cover
942 ## - ADDED ENTRY ELEMENTS (KOHA)
Institution code [OBSOLETE] NBS
Koha item type Book
Call number prefix 297.21 NAS
Holdings
Withdrawn status Lost status Source of classification or shelving scheme Damaged status Not for loan Permanent Location Current Location Date acquired Total Checkouts Total Renewals Full call number Barcode Date last seen Date last checked out Price effective from Koha item type
          Central Library (CL) Central Library (CL) 08/28/2013 1 3 297 NAS NBSD-1562 09/16/2024 11/22/2016 08/28/2013 Book
© 2023 Central Library, National University of Sciences and Technology. All Rights Reserved.